Civilis Sapientia: dottrine giuridiche e dottrine politiche fra medioevo ed eta moderna
Guardat en:
| Autor principal: | |
|---|---|
| Format: | Llibre |
| Idioma: | italià |
| Publicat: |
Rímini
Maggioli
1989
|
| Matèries: | |
| Etiquetes: |
Afegir etiqueta
Sense etiquetes, Sigues el primer a etiquetar aquest registre!
|
MARC
| LEADER | 00000nam a2200000 a 4500 | ||
|---|---|---|---|
| 001 | UCY5256 | ||
| 003 | CL-VaPUC | ||
| 008 | 950421e19890000IT |||||||||||||||||ita|d | ||
| 082 | 0 | 4 | |a 340.09 |b QUA |2 21 |
| 100 | 0 | |a Quaglioni, Diego |e author |9 333945 | |
| 245 | 1 | 0 | |a Civilis Sapientia: dottrine giuridiche e dottrine politiche fra medioevo ed eta moderna |
| 300 | |a 249 p | ||
| 942 | |c BK | ||
| 945 | |d 19950421 00:00:00 |a aalvarez | ||
| 260 | |a Rímini |b Maggioli |c 1989 | ||
| 650 | 7 | |a DERECHO HISTORIA |2 CL-VaPUC |9 255119 | |
| 583 | |a last modification |c 19950421 00:00:00 |k Rodrigo Vera | ||
| 999 | |c 232954 |d 232952 | ||
| 952 | |0 0 |1 0 |4 0 |6 340_090000000000000_QUA_1989 |7 0 |8 A |9 237971 |a BIBDER |b BIBDER |d 2019-11-18 |i 3079066 |o 340.09 QUA 1989 |p 3079066 |r 2019-11-18 |w 2019-11-18 |y BK |k DER | ||